000 00569nam a2200205Ia 4500
005 20250923144612.0
008 008 250917s9999 xx 000 0 eng d
037 _aTextual
040 _aDSWL
_beng
_cDSWL
041 _aeng
_2eng
084 _aY73(Q7)0aQ6, N28
_qDSWL
100 _aLevonian, L.
_9826518
245 0 _aMoslem mentality
_cby L.Levonian
260 _aLondon
_bGeorge Allen & Unwin Ltd.
_c1928
300 _a245p.
365 _aINR
_b6
925 _g6
942 _cTEXL
_hY73(Q7)0aQ6, N28
999 _c1441028
_d1441028